000 01120nam a2200289 i 4500
001 116453
003 ES-MaACL
005 20230906190717.0
007 t|
008 061121s1978 sp r ||||1| spa d
100 1 _aParro, Sixto Ramón.
_989269
245 1 0 _aToledo en la mano
_b: biografía de Don Sixto Ramón Parro /
_cSixto Ramón Parro ; [ por Esperanza Pedraza Ruiz].
250 _aEd. facs.
260 _aToledo :
_bInstituto Provincial de Investigaciones y Estudios Toledanos,
_c1978.
300 _a2 v. ;
_c24 cm.
490 1 _aSerie IV. Clásicos toledanos ;
_v6
500 _aEdición facsimil de : Toledo : Imprenta y Librería de D. Severiano López Fando , 1857.
610 2 4 _aCatedral Primada de Toledo.
_9145491
650 4 _aArquitectura-
_zToledo.
_9150895
655 7 _2tgfbne
_9226495
_aFacsímiles
700 1 _aPedraza Ruiz, Esperanza.
_989891
710 2 _aInstituto Provincial de Investigaciones y Estudios Toledanos.
_95217
830 0 _aSerie IV. Clásicos toledanos ;
_v6
_9226687
852 _aES-MaACL
_jL-6021-2
_bR.106695
942 _2udc
999 _c116453
_d116453